000 00342nam a2200133Ia 4500
008 211109s9999||||xx |||||||||||||| ||und||
082 _a824
_bCRA-E
100 _aCraik, Henry
245 0 _aEnglish Prose
260 _bMacmillan
_aLondon
_c2000
630 _xGeneral Stack
650 _aEnglish Literature
_vEnglish Essay
_xEnglish
942 _cBOOK
999 _c3467
_d3467